| 000 | 00391nam a2200133Ia 4500 | ||
|---|---|---|---|
| 008 | 211118s9999||||xx |||||||||||||| ||und|| | ||
| 082 |
_a894.8123 _bMUK-O |
||
| 100 | _aMukundan, M | ||
| 245 | 0 | _aOru Dalith Yuvathiude Kadana Katha | |
| 260 |
_bDC Books _aKottayam _c1998 |
||
| 630 | _xMalayalam NovelGeneral Stack | ||
| 650 |
_aMalayalam Literature _vMalayalam FictionMalayalam |
||
| 942 | _cBOOK | ||
| 999 |
_c95432 _d95432 |
||